000 00811nam a2200253Ia 4500
003 OSt
005 20220930193907.0
006 a|||||r|||| 00| 0
007 ta
008 220926b |||||||| |||| 00| 0 eng d
024 _a12094
037 _cDissertations
040 _aCRL
_cCRL
_beng
041 _2eng
_aeng
100 _aReddy M.R.
_9562767
110 _aUniversity of Delhi. Faculty of Medical Sciences. Department of Surgery
245 0 _avalue of aspiration cytology in the diagnosis of palpable breast lesions
260 _c1987
650 _aSURGERY
700 _a Dr Suraj Prakash Supervisor
_9562457
700 _aUniversity of Delhi. Faculty of Medical Sciences. Department of Surgery
942 _cDIS
_2CC
999 _c897050
_d897050